Telemedicina y protección de datos sanitarios : (Record no. 323)
[ view plain ]
| 000 -LEADER | |
|---|---|
| fixed length control field | 01329cam a22003494a 4500 |
| 001 - CONTROL NUMBER | |
| control field | 12873281 |
| 005 - DATE AND TIME OF LATEST TRANSACTION | |
| control field | 20200421093826.0 |
| 008 - FIXED-LENGTH DATA ELEMENTS--GENERAL INFORMATION | |
| fixed length control field | 020417s2002 sp b 001 0 spa |
| 010 ## - LIBRARY OF CONGRESS CONTROL NUMBER | |
| LC control number | 2002429239 |
| 020 ## - INTERNATIONAL STANDARD BOOK NUMBER | |
| International Standard Book Number | 8484444988 |
| 035 ## - SYSTEM CONTROL NUMBER | |
| System control number | (SpBaP)pu020007931 |
| 040 ## - CATALOGING SOURCE | |
| Original cataloging agency | DLC |
| Transcribing agency | DLC |
| Modifying agency | DLC |
| 042 ## - AUTHENTICATION CODE | |
| Authentication code | pcc |
| 043 ## - GEOGRAPHIC AREA CODE | |
| Geographic area code | e-sp--- |
| 050 00 - LIBRARY OF CONGRESS CALL NUMBER | |
| Classification number | KKT3098 |
| Item number | .S258 2002 |
| 100 1# - MAIN ENTRY--PERSONAL NAME | |
| Personal name | Sánchez Caro, Javier. |
| 9 (RLIN) | 1624 |
| 245 10 - TITLE STATEMENT | |
| Title | Telemedicina y protección de datos sanitarios : |
| Remainder of title | aspectos legales y eticos / |
| Statement of responsibility, etc. | Javier Sánchez-Caro, Fernando Abellán. |
| 260 ## - PUBLICATION, DISTRIBUTION, ETC. | |
| Place of publication, distribution, etc. | Granada : |
| Name of publisher, distributor, etc. | Editorial Comares, |
| Date of publication, distribution, etc. | 2002. |
| 300 ## - PHYSICAL DESCRIPTION | |
| Extent | xv, 132 p. ; |
| Dimensions | 22 cm. |
| 440 #0 - SERIES STATEMENT/ADDED ENTRY--TITLE | |
| Title | Biblioteca Comares de ciencia jurídica |
| 9 (RLIN) | 1625 |
| 490 1# - SERIES STATEMENT | |
| Series statement | Biblioteca de derecho y ciencias de la vida ; |
| Volume/sequential designation | 14 |
| 504 ## - BIBLIOGRAPHY, ETC. NOTE | |
| Bibliography, etc. note | Includes bibliographical references and index (p. [127]-130). |
| 650 #0 - SUBJECT ADDED ENTRY--TOPICAL TERM | |
| Topical term or geographic name entry element | Medical laws and legislation |
| Geographic subdivision | Spain. |
| 9 (RLIN) | 1626 |
| 650 #0 - SUBJECT ADDED ENTRY--TOPICAL TERM | |
| Topical term or geographic name entry element | Medical telematics |
| General subdivision | Law and legislation |
| Geographic subdivision | Spain. |
| 9 (RLIN) | 1627 |
| 650 #0 - SUBJECT ADDED ENTRY--TOPICAL TERM | |
| Topical term or geographic name entry element | Data protection |
| General subdivision | Law and legislation. |
| 9 (RLIN) | 1628 |
| 650 #0 - SUBJECT ADDED ENTRY--TOPICAL TERM | |
| Topical term or geographic name entry element | Medical records |
| General subdivision | Access control. |
| 9 (RLIN) | 1629 |
| 700 1# - ADDED ENTRY--PERSONAL NAME | |
| Personal name | Abellán, Fernando. |
| 9 (RLIN) | 1630 |
| 830 #0 - SERIES ADDED ENTRY--UNIFORM TITLE | |
| Uniform title | Biblioteca Comares de derecho y ciencias de la vida ; |
| Volume/sequential designation | 14. |
| 906 ## - LOCAL DATA ELEMENT F, LDF (RLIN) | |
| a | 7 |
| b | cbc |
| c | origres |
| d | 2 |
| e | ncip |
| f | 20 |
| g | y-gencatlg |
| 942 ## - ADDED ENTRY ELEMENTS (KOHA) | |
| Source of classification or shelving scheme | Dewey Decimal Classification |
| Koha item type | Books |
| Withdrawn status | Lost status | Damaged status | Not for loan | Collection | Home library | Current library | Shelving location | Date acquired | Barcode | Date last seen | Price effective from | Koha item type |
|---|---|---|---|---|---|---|---|---|---|---|---|---|
| Reference | Centerville | Centerville | General stacks | 09/04/2014 | 39999000014075 | 09/04/2014 | 09/04/2014 | Books | ||||
| Reference | Centerville | Centerville | General stacks | 09/04/2014 | 39999000014099 | 09/04/2014 | 09/04/2014 | Books | ||||
| Reference | Centerville | Centerville | General stacks | 09/04/2014 | 39999000014112 | 09/04/2014 | 09/04/2014 | Books | ||||
| Reference | Fairview | Fairview | General stacks | 09/04/2014 | 39999000014136 | 09/04/2014 | 09/04/2014 | Books |